MARC

LEADER 00000nam0a2200000 4500
001 316733
005 20231102002914.0
010 |b 3000 экз. 
035 |a (RuTPU)RU\TPU\book\342201 
090 |a 316733 
100 |a 20160328d1928 m y0rusy50 ca 
101 1 |a rus  |c ger 
102 |a RU 
105 |a af z 000zy 
200 1 |a Подогрев воздуха в котельных установках   |f В. Гумц  |g пер. с нем. Н. Н. Курочкина ; под ред. И. Я. Соколина 
210 |a Ленинград  |c Техника и производство  |d 1928 
215 |a 178 с., [1] вкл. л.  |c ил. 
317 |5 63413507: М-132580  |a Поступила в НТБ в 1970 г. в составе книжного собрания профессора ТПИ И. Н. Бутакова 
606 1 |a Котельная техника  |2 stltpush  |3 (RuTPU)RU\TPU\subj\15911  |9 42110 
610 1 |a подогрев 
610 1 |a воздух 
610 1 |a топливо 
610 1 |a горение 
610 1 |a котлы 
610 1 |a КПД 
610 1 |a теплопередача 
610 1 |a подогреватели 
610 1 |a библиотека И. Н. Бутакова 
675 |a 621.182  |v 4 
700 1 |a Гумц  |b В. 
702 1 |a Курочкин  |b Н. Н.  |4 730 
702 1 |a Соколин  |b И. Я.  |4 340 
801 1 |a RU  |b 63413507  |c 20160328 
801 2 |a RU  |b 63413507  |c 20190801  |g RCR 
942 |c BK